| 000 | 00987nam a22002417a 4500 | ||
|---|---|---|---|
| 005 | 20240530110354.0 | ||
| 008 | 141231s2009 ua d g b 000 0 ara d | ||
| 017 |
_a10134/2009 _bمصر . دار الكتب المصرية |
||
| 020 | _a9772327295 | ||
| 040 | _aEG-CaGPL | ||
| 041 | 0 | _aara | |
| 082 | 0 | 4 |
_221 _a371.262\ _bك ع |
| 100 | 0 | _aكمال عبدالحميد زيتون | |
| 245 | 1 | 0 |
_aعمليات العلم و التربية العلمية : _bالاطار العلمى لتقييم العلوم فى ضوء الدراسات الدولية للعلوم و الرياضيات / _cكمال عبدالحميد زيتون |
| 250 | _aط 1 | ||
| 260 |
_aالقاهرة : _bعالم الكتب ، _c2009 |
||
| 300 |
_a326 ص : _bصور ؛ _c24 سم |
||
| 504 | _aببليوجرافية : 321 - 326 | ||
| 650 | 0 | 4 |
_aالرياضيات _xتعليم وتدريس |
| 650 | 0 | 4 |
_aالعلوم _xطرق تدريس |
| 942 |
_2ddc _cBK |
||
| 999 |
_c60132 _d60132 |
||